| 000 | 004460000a22001690004500 | ||
|---|---|---|---|
| 003 | MACL | ||
| 005 | 20160113130312.0 | ||
| 008 | 160113b xxu||||| |||| 00| 0 eng d | ||
| 040 |
_aMACL _cMACL |
||
| 041 | _aEnglish | ||
| 082 | _a944/AUL | ||
| 100 |
_aAulard, A _931726 |
||
| 245 |
_aThe French Revolution _bA Political History 1789-1804 vol 1 |
||
| 260 |
_bT Fisher Unwin _c1910 _aLondon |
||
| 650 |
_aHistory _931727 |
||
| 942 |
_cBK _k944/AUL _2ddc |
||
| 999 |
_c38307 _d38307 |
||